VoIP technology : applications and challenges

में बचाया:
ग्रंथसूची विवरण
मुख्य लेखक: Chakraborty, Tamal
स्वरूप: Sách
भाषा:Undetermined
प्रकाशित: Springer 2018
विषय:
टैग : टैग जोड़ें
कोई टैग नहीं, इस रिकॉर्ड को टैग करने वाले पहले व्यक्ति बनें!
Thư viện lưu trữ: Trung tâm Thư viện - Trường Đại học Công nghiệp TP. Hồ Chí Minh
LEADER 00485nam a2200157Ia 4500
001 UIH_00397
008 230809s9999 xx 000 0 und d
082 |a 621.385 
100 |a Chakraborty, Tamal 
245 0 |a VoIP technology : applications and challenges 
245 0 |c Chakraborty, Tamal 
260 |b Springer 
260 |c 2018 
650 |a Engineering;Internet telephony; 
927 |a Sách 
980 |a Trung tâm Thư viện - Trường Đại học Công nghiệp TP. Hồ Chí Minh